[Event "DEM U10w 2017"]
[Site "Willingen GER"]
[Date "2017.06.04"]
[Round "1"]
[White "Pohle, Saskia"]
[Black "Ulrich, Helena Irene"]
[Result "1-0"]
[Termination "normal"]
[Board "1"]
[WhiteElo "1416"]
[BlackElo "1097"]
[WhiteClock "00:44:56"]
[BlackClock "00:38:15"]
[PlyCount "49"]
[WhiteFideId "16201604"]
[BlackFideId "16256000"]
[EventCountry "GER"]
[EventRounds "11"]
[EventType "swiss"]
[EventDate "2017.06.03"]

1. e4 c5 2. Nf3 d6 3. Bb5+ Bd7 4. Bxd7+ Qxd7 5. O-O Nf6 6. Re1 Nc6 7. d3 e6 8.
Nc3 Be7 9. Bf4 O-O 10. Qd2 Rac8 11. Rad1 Rfd8 12. e5 Ng4 13. exd6 Bxd6 14. d4
Bxf4 15. Qxf4 cxd4 16. Nxd4 Nxd4 17. Qxg4 Rc4 18. h3 Qc7 19. Nb5 Qb6 20. c3 Nc2
21. Qxc4 Nxe1 22. Rxe1 Rd2 23. Re2 Rxe2 24. Qc8+ Qd8 25. Qxd8# 1-0

[Event "DEM U10w 2017"]
[Site "Willingen GER"]
[Date "2017.06.04"]
[Round "1"]
[White "Bräutigam, Katerina"]
[Black "Zhou, Lepu Coco"]
[Result "0-1"]
[Termination "normal"]
[Board "2"]
[WhiteElo "1064"]
[BlackElo "1592"]
[WhiteClock "00:24:34"]
[BlackClock "00:51:51"]
[PlyCount "60"]
[WhiteFideId "16242980"]
[BlackFideId "16217136"]
[EventCountry "GER"]
[EventRounds "11"]
[EventType "swiss"]
[EventDate "2017.06.03"]

1. c4 Nf6 2. Nc3 g6 3. Nf3 Bg7 4. g3 O-O 5. Bg2 d6 6. O-O Nc6 7. a3 a5 8. b3 e5
9. d3 e4 10. Nd2 exd3 11. exd3 Nd7 12. Bb2 Nc5 13. Re1 Nxd3 14. Re3 Nxb2 15.
Qc2 Nxc4 16. bxc4 Nd4 17. Qb2 Rb8 18. a4 c6 19. Nb3 Nxb3 20. Qxb3 Bd4 21. Rd3
Qf6 22. Rf1 Be6 23. Ne4 Qe5 24. Re1 d5 25. cxd5 cxd5 26. Qb5 dxe4 27. Qb1 Bxf2+
28. Kxf2 Qf5+ 29. Kg1 exd3 30. Be4 Qc5+ 0-1

[Event "DEM U10w 2017"]
[Site "Willingen GER"]
[Date "2017.06.04"]
[Round "1"]
[White "Vianden, Ella"]
[Black "Peglau, Dora"]
[Result "0-1"]
[Termination "normal"]
[Board "4"]
[WhiteElo "1050"]
[BlackElo "1159"]
[WhiteClock "00:13:20"]
[BlackClock "00:56:05"]
[PlyCount "126"]
[WhiteFideId "16235592"]
[BlackFideId "16220005"]
[EventCountry "GER"]
[EventRounds "11"]
[EventType "swiss"]
[EventDate "2017.06.03"]

1. e4 c5 2. Nf3 d6 3. Nc3 Nf6 4. Bc4 g6 5. e5 dxe5 6. Nxe5 e6 7. Bb5+ Nbd7 8.
O-O Bg7 9. Qf3 O-O 10. Re1 Nxe5 11. Rxe5 Nd5 12. Re1 Nxc3 13. dxc3 Bd7 14. Qxb7
Rb8 15. Qxd7 Qb6 16. Bd3 Rbc8 17. Be3 Rc6 18. Be4 Rd8 19. Qe7 Rcd6 20. Qh4 Qxb2
21. Bxc5 Rd2 22. Qf4 Bxc3 23. h3 a5 24. Qh6 Bd4 25. Be7 Bxf2+ 26. Kf1 Qe5 27.
Bxg6 Qb5+ 28. Bd3 R2xd3 29. cxd3 Qxd3+ 30. Kxf2 Qd4+ 31. Qe3 Qb2+ 32. Kf3 Qb7+
33. Kf4 Qxe7 34. Qg3+ Kf8 35. Qg4 Rd4+ 36. Kg3 Rxg4+ 37. Kxg4 Qb4+ 38. Kf3 e5
39. Rac1 Qf4+ 40. Ke2 Kg7 41. Rf1 Qe4+ 42. Kd2 Kg6 43. Rf3 f5 44. Rg3+ Kf6 45.
Re3 Qxg2+ 46. Re2 Qd5+ 47. Kc2 Qxa2+ 48. Kd1 Qb3+ 49. Ke1 f4 50. Rc6+ Kf5 51.
Kf2 Qxh3 52. Rc5 Qh2+ 53. Ke1 Qg1+ 54. Kd2 Qxc5 55. Kd3 f3 56. Rh2 e4+ 57. Kd2
e3+ 58. Ke1 f2+ 59. Ke2 Qc2+ 60. Kf1 Qd1+ 61. Kg2 f1=Q+ 62. Kg3 Qdf3+ 63. Kh4
Qg4# 0-1

[Event "DEM U10w 2017"]
[Site "Willingen GER"]
[Date "2017.06.04"]
[Round "1"]
[White "von Beckh, Frieda"]
[Black "Hubert, Charlotte"]
[Result "1-0"]
[Termination "normal"]
[Board "5"]
[WhiteElo "1248"]
[BlackElo "1028"]
[WhiteClock "01:09:42"]
[BlackClock "00:51:21"]
[PlyCount "41"]
[WhiteFideId "16233751"]
[BlackFideId "16265920"]
[EventCountry "GER"]
[EventRounds "11"]
[EventType "swiss"]
[EventDate "2017.06.03"]

1. e4 e5 2. Nf3 Nf6 3. Nxe5 d6 4. Nf3 Nxe4 5. Nc3 Nxc3 6. dxc3 d5 7. Be3 Nc6 8.
Qd2 Be7 9. O-O-O Be6 10. Ng5 Bxg5 11. Bxg5 Qd6 12. Be2 f6 13. Bf4 Qd7 14. Rhe1
O-O-O 15. Bb5 a6 16. Ba4 Rhe8 17. f3 g5 18. Be3 g4 19. Bd4 Rf8 20. Qh6 f5 21.
Rxe6 1-0

[Event "DEM U10w 2017"]
[Site "Willingen GER"]
[Date "2017.06.04"]
[Round "1"]
[White "Ottlik, Marie"]
[Black "Keymer, Cecilia"]
[Result "1-0"]
[Termination "normal"]
[Board "6"]
[WhiteElo "1013"]
[BlackElo "1311"]
[WhiteClock "00:49:33"]
[BlackClock "00:22:46"]
[PlyCount "73"]
[WhiteFideId "16281730"]
[BlackFideId "16233468"]
[EventCountry "GER"]
[EventRounds "11"]
[EventType "swiss"]
[EventDate "2017.06.03"]

1. e4 e5 2. Nf3 Nc6 3. Bc4 Bc5 4. c3 Nf6 5. d4 exd4 6. cxd4 Bb4+ 7. Bd2 Nxe4 8.
Bxb4 Nxb4 9. Bxf7+ Kxf7 10. Qb3+ d5 11. Qxb4 Qe7 12. Qxe7+ Kxe7 13. O-O c6 14.
Nc3 Nd6 15. Rfe1+ Kd8 16. Ng5 Bd7 17. Ne6+ Bxe6 18. Rxe6 Nf5 19. Rae1 Rb8 20.
R1e5 Nxd4 21. Rd6+ Kc8 22. Ne2 Nb5 23. Rde6 Nc7 24. Re7 g6 25. f4 a5 26. f5 Rf8
27. Ng3 gxf5 28. Nxf5 Rh8 29. Nd6+ Kd8 30. Nf7+ Kc8 31. Nxh8 Ra8 32. Re8+ Nxe8
33. Rxe8+ Kd7 34. Rxa8 d4 35. Rxa5 d3 36. Ra3 Ke7 37. Rxd3 1-0

[Event "DEM U10w 2017"]
[Site "Willingen GER"]
[Date "2017.06.04"]
[Round "1"]
[White "Winkler, Sarah"]
[Black "Alhassan, Jodi"]
[Result "1-0"]
[Termination "normal"]
[Board "7"]
[WhiteElo "1251"]
[BlackElo "953"]
[PlyCount "61"]
[WhiteFideId "16274431"]
[BlackFideId "16250460"]
[EventCountry "GER"]
[EventRounds "11"]
[EventType "swiss"]
[EventDate "2017.06.03"]

1. e4 c5 2. Nf3 d6 3. Bc4 e6 4. c3 Nf6 5. d3 Nc6 6. O-O Be7 7. Re1 O-O 8. Bg5
h6 9. Bh4 b6 10. Bg3 e5 11. Nbd2 Bg4 12. h3 Bh5 13. Qc1 Bxf3 14. Nxf3 Nh5 15.
Bh2 Bg5 16. Nxg5 Qxg5 17. Qxg5 hxg5 18. Rad1 Rad8 19. Re3 Na5 20. Bb5 f5 21. d4
exd4 22. cxd4 fxe4 23. Rxe4 Nf6 24. Re7 Rf7 25. Rxf7 Kxf7 26. dxc5 bxc5 27.
Rxd6 Re8 28. Kf1 Rb8 29. Rxf6+ Kxf6 30. Bxb8 Nb7 31. Bxa7 1-0

[Event "DEM U10w 2017"]
[Site "Willingen GER"]
[Date "2017.06.04"]
[Round "1"]
[White "Khanbekyan, Nare"]
[Black "Ramien, Hannah"]
[Result "0-1"]
[Termination "normal"]
[Board "8"]
[WhiteElo "952"]
[BlackElo "1243"]
[PlyCount "86"]
[WhiteFideId "16270916"]
[BlackFideId "16209982"]
[EventCountry "GER"]
[EventRounds "11"]
[EventType "swiss"]
[EventDate "2017.06.03"]

1. e4 e5 2. Nf3 Nc6 3. d4 exd4 4. Bc4 Be7 5. c3 d6 6. cxd4 Bg4 7. d5 Ne5 8. Qd4
Bxf3 9. O-O Bf6 10. Bb5+ Nd7 11. Qe3 Bh5 12. Nc3 a6 13. Ba4 b5 14. Bb3 Bxc3 15.
Qxc3 Ngf6 16. Re1 O-O 17. Bf4 Re8 18. e5 Ng4 19. e6 Nc5 20. Bc2 Qf6 21. Qxf6
Nxf6 22. Re3 Nxd5 23. Bxh7+ Kxh7 24. exf7 Rxe3 25. f8=N+ Rxf8 26. Bxe3 Nxe3 27.
fxe3 Re8 28. Re1 Nd3 29. Re2 Bxe2 30. Kh1 Rf8 31. h3 Nxb2 32. a3 c5 33. e4 b4
34. axb4 cxb4 35. e5 dxe5 36. Kh2 b3 37. Kh1 Na4 38. Kh2 b2 39. Kh1 b1=Q+ 40.
Kh2 Rf1 41. Kg3 Qg6+ 42. Kh2 Rf2 43. Kh1 Qxg2# 0-1

[Event "DEM U10w 2017"]
[Site "Willingen GER"]
[Date "2017.06.04"]
[Round "1"]
[White "Sohr, Luna"]
[Black "Prinzen, Siri Marleen"]
[Result "1-0"]
[Termination "normal"]
[Board "9"]
[WhiteElo "1199"]
[BlackElo "951"]
[PlyCount "107"]
[WhiteFideId "16251261"]
[BlackFideId "16265912"]
[EventCountry "GER"]
[EventRounds "11"]
[EventType "swiss"]
[EventDate "2017.06.03"]

1. e4 e5 2. Nf3 Nc6 3. Nc3 Nf6 4. Bb5 Bb4 5. d3 Nd4 6. Ba4 Nxf3+ 7. Qxf3 O-O 8.
O-O c6 9. Bg5 Be7 10. Qg3 Nh5 11. Qf3 Bxg5 12. Qxh5 h6 13. Bb3 g6 14. Qf3 d6
15. Rad1 h5 16. h3 Be6 17. d4 exd4 18. Rxd4 c5 19. Rdd1 Bh4 20. Qf4 Qg5 21.
Qxg5 Bxg5 22. Bxe6 fxe6 23. Rxd6 Rae8 24. Rd7 Re7 25. Rxe7 Bxe7 26. Rd1 c4 27.
Rd7 Bc5 28. Nd1 b5 29. Kf1 Rf4 30. f3 e5 31. Rd5 Bb6 32. Rxb5 Rf8 33. Rxe5 Rd8
34. Rd5 Rxd5 35. exd5 Kf7 36. Nc3 Ke7 37. Ke2 Kd6 38. f4 Bd4 39. Kf3 Bxc3 40.
bxc3 Kxd5 41. h4 Ke6 42. g4 a5 43. a4 Kf6 44. g5+ Kf5 45. Ke3 Kg4 46. Ke4 Kxh4
47. Kf3 Kh3 48. f5 Kh4 49. fxg6 Kxg5 50. g7 Kh6 51. g8=Q h4 52. Kf4 h3 53. Kf5
h2 54. Qg6# 1-0

[Event "DEM U10w 2017"]
[Site "Willingen GER"]
[Date "2017.06.04"]
[Round "1"]
[White "Heuberger, Sandra"]
[Black "Fischer, Darja"]
[Result "0-1"]
[Termination "normal"]
[Board "10"]
[WhiteElo "902"]
[BlackElo "1196"]
[PlyCount "60"]
[WhiteFideId "16232151"]
[BlackFideId "16240898"]
[EventCountry "GER"]
[EventRounds "11"]
[EventType "swiss"]
[EventDate "2017.06.03"]

1. e4 e5 2. Nf3 Nc6 3. Bc4 Bc5 4. O-O Nf6 5. Nc3 O-O 6. d3 d6 7. Bg5 Be6 8.
Bxe6 fxe6 9. Qd2 Nd4 10. Nxd4 exd4 11. Ne2 e5 12. Ng3 g6 13. Qe2 c6 14. Qf3 d5
15. exd5 cxd5 16. Bh6 Rf7 17. Bg5 Qd6 18. Rad1 Qe6 19. Bxf6 Rxf6 20. Qe2 Re8
21. a3 a5 22. Qd2 Qb6 23. Rb1 Ref8 24. Rfe1 Rxf2 25. Qd1 Qd6 26. Qg4 h6 27. Nh5
e4 28. dxe4 dxe4 29. Rxe4 d3 30. cxd3 Rf1# 0-1

[Event "DEM U10w 2017"]
[Site "Willingen GER"]
[Date "2017.06.04"]
[Round "1"]
[White "Adelmeyer, Nelly"]
[Black "Hebestreit, Marie"]
[Result "1-0"]
[Termination "normal"]
[Board "11"]
[WhiteElo "1187"]
[BlackElo "896"]
[PlyCount "99"]
[WhiteFideId "16203577"]
[EventCountry "GER"]
[EventRounds "11"]
[EventType "swiss"]
[EventDate "2017.06.03"]

1. e4 e5 2. Nf3 Nc6 3. d4 exd4 4. Nxd4 Qf6 5. Be3 Bc5 6. c3 Nge7 7. Be2 Qg6 8.
Bf3 Ne5 9. Nb5 O-O 10. Bxc5 d6 11. Nxc7 Nxf3+ 12. Qxf3 Bg4 13. Qf4 Rad8 14.
Bxa7 Rc8 15. Nb5 Qh5 16. Nxd6 Ng6 17. Qg3 Rcd8 18. Bc5 Rfe8 19. O-O Bc8 20.
Nxe8 Rxe8 21. Qc7 Qg5 22. Be3 Qg4 23. f3 Qh4 24. Bf2 Qg5 25. Na3 Nf4 26. Bg3
Ne2+ 27. Kh1 Nxg3+ 28. Qxg3 Qxg3 29. hxg3 Re5 30. Rfd1 h6 31. Rd8+ Kh7 32. Rxc8
Rh5+ 33. Kg1 Ra5 34. Rc7 Ra7 35. Rxf7 Kg6 36. Rd7 Kf6 37. b4 Rxa3 38. Rxb7 Rxc3
39. Rd1 Rc2 40. f4 Rc6 41. e5+ Kf5 42. Rxg7 Rg6 43. Rxg6 Kxg6 44. b5 Kf5 45. b6
Kg4 46. b7 Kxg3 47. b8=Q h5 48. Rf1 Kh4 49. Qd8+ Kg4 50. Qg5# 1-0

[Event "DEM U10w 2017"]
[Site "Willingen GER"]
[Date "2017.06.04"]
[Round "1"]
[White "Stepanjan, Marianne"]
[Black "Voigt, Anastasia"]
[Result "0-1"]
[Termination "normal"]
[Board "12"]
[WhiteElo "880"]
[BlackElo "1181"]
[PlyCount "116"]
[WhiteFideId "16246110"]
[BlackFideId "16235223"]
[EventCountry "GER"]
[EventRounds "11"]
[EventType "swiss"]
[EventDate "2017.06.03"]

1. e4 e5 2. Nf3 Nc6 3. Bb5 a6 4. Ba4 b5 5. Bb3 Bc5 6. O-O Nf6 7. Nc3 d6 8. a3
O-O 9. Nd5 Nxe4 10. Ne3 Nf6 11. d3 h6 12. Nd5 Bb7 13. Nh4 Nxd5 14. Nf5 Nf4 15.
Qg4 Ng6 16. h4 Qf6 17. h5 Nf4 18. Bxf4 exf4 19. Rae1 Qg5 20. Nxh6+ Qxh6 21. Re2
Ne5 22. Qh3 Qg5 23. Kh2 f3 24. Ree1 Qxg2+ 25. Qxg2 fxg2 26. Rg1 Bxf2 27. Rc1
Bxg1+ 28. Kxg1 Kh7 29. Kf2 g6 30. d4 Ng4+ 31. Kg3 gxh5 32. d5 Ne3 33. Re1 Nxd5
34. Kxg2 Rae8 35. Rh1 Nf6+ 36. Kh2 Bxh1 37. Kxh1 Re2 38. Kg1 Rfe8 39. Bxf7 R8e3
40. Bb3 Rd2 41. Kf1 Ree2 42. c3 Rxb2 43. Bd1 Red2 44. Ke1 Rh2 45. Bf3 Ra2 46.
a4 Ra1+ 47. Bd1 Rh1+ 48. Kd2 Raxd1+ 49. Ke3 Rh4 50. Ke2 Rd5 51. Ke3 b4 52. cxb4
Rxb4 53. Ke2 Rb3 54. a5 Rxa5 55. Kd2 Ra2+ 56. Kc1 Rh3 57. Kb1 Rg2 58. Kc1 Rh1#
0-1

[Event "DEM U10w 2017"]
[Site "Willingen GER"]
[Date "2017.06.04"]
[Round "1"]
[White "Roncea, Andreea-Alexandra"]
[Black "Heinze, Sofie"]
[Result "1-0"]
[Termination "normal"]
[Board "13"]
[WhiteElo "1361"]
[BlackElo "850"]
[PlyCount "77"]
[WhiteFideId "16233115"]
[BlackFideId "16226461"]
[EventCountry "GER"]
[EventRounds "11"]
[EventType "swiss"]
[EventDate "2017.06.03"]

1. e4 e5 2. Nf3 Nc6 3. Bc4 Bc5 4. d3 d6 5. c3 Bb6 6. Bb3 Bg4 7. O-O Qf6 8. Nbd2
Nh6 9. Re1 Bd7 10. Rf1 Ng4 11. Nc4 Nh6 12. Nxb6 axb6 13. d4 Bg4 14. Be3 Bxf3
15. Qxf3 Qxf3 16. gxf3 O-O 17. Kh1 Kh8 18. Rg1 Ng8 19. Rg3 Nf6 20. Rag1 g6 21.
Bh6 Rg8 22. Bxf7 Nh5 23. Bxg8 Nxg3+ 24. Rxg3 Kxg8 25. d5 Ne7 26. a3 Ra5 27. Bg5
Nc8 28. Bd8 c5 29. Bc7 Rb5 30. b4 cxb4 31. axb4 Kg7 32. Rg1 Ne7 33. Rb1 Nxd5
34. exd5 Rxd5 35. Bxb6 Rd3 36. Bc7 d5 37. Bxe5+ Kg8 38. f4 Rd2 39. Kg2 1-0

[Event "DEM U10w 2017"]
[Site "Willingen GER"]
[Date "2017.06.04"]
[Round "1"]
[White "Claussen, Kim Sophie"]
[Black "Englert, Lin"]
[Result "0-1"]
[Termination "normal"]
[Board "14"]
[WhiteElo "845"]
[BlackElo "1165"]
[PlyCount "38"]
[BlackFideId "16226410"]
[EventCountry "GER"]
[EventRounds "11"]
[EventType "swiss"]
[EventDate "2017.06.03"]

1. e4 e5 2. Bc4 Bc5 3. Nf3 Nc6 4. Nc3 Nf6 5. d3 h6 6. Nd5 Nxd5 7. exd5 Nd4 8.
h4 d6 9. Bg5 hxg5 10. Nxg5 Qe7 11. O-O Rxh4 12. Qd2 Bd7 13. Qe3 Nxc2 14. Qc1
Nxa1 15. Qxa1 Qxg5 16. Qc1 Qxc1 17. Rxc1 Rf4 18. a4 Bxf2+ 19. Kh1 Rh4# 0-1

[Event "DEM U10w 2017"]
[Site "Willingen GER"]
[Date "2017.06.04"]
[Round "1"]
[White "Trunz, Michelle"]
[Black "Schupfer, Victoria"]
[Result "1-0"]
[Termination "normal"]
[Board "15"]
[WhiteElo "1340"]
[BlackElo "830"]
[PlyCount "63"]
[WhiteFideId "16227980"]
[EventCountry "GER"]
[EventRounds "11"]
[EventType "swiss"]
[EventDate "2017.06.03"]

1. e4 e5 2. Nf3 Nc6 3. d4 d6 4. Bb5 Nf6 5. d5 Bd7 6. dxc6 bxc6 7. Bd3 d5 8.
Nxe5 Be6 9. Nxc6 Qd7 10. Ne5 Qd6 11. Bb5+ Ke7 12. Nc6+ Ke8 13. O-O Ng4 14. Ne5+
c6 15. Bxc6+ Ke7 16. Nxg4 g6 17. Bxa8 Bg7 18. Bxd5 Bc8 19. Nc3 h5 20. Ne3 Be5
21. h3 Qf6 22. Bc4 Bb8 23. Ned5+ Ke6 24. Nxf6+ Kxf6 25. Qd4+ Be5 26. Nd5+ Ke6
27. Ne7+ Kf6 28. Bg5+ Kg7 29. Qxe5+ Kh7 30. Rad1 Bb7 31. Bxf7 Ba6 32. Bxg6# 1-0

[Event "DEM U10w 2017"]
[Site "Willingen GER"]
[Date "2017.06.04"]
[Round "1"]
[White "Margaryan, Venera"]
[Black "Labuda, Annika"]
[Result "0-1"]
[Termination "normal"]
[Board "16"]
[WhiteElo "773"]
[BlackElo "1144"]
[PlyCount "104"]
[WhiteFideId "16266226"]
[BlackFideId "16261453"]
[EventCountry "GER"]
[EventRounds "11"]
[EventType "swiss"]
[EventDate "2017.06.03"]

1. d4 d5 2. c4 c6 3. Nf3 Nf6 4. Nc3 dxc4 5. e3 b5 6. a4 a6 7. b3 b4 8. Ne2 Be6
9. Nf4 cxb3 10. Nxe6 fxe6 11. Qxb3 Qd6 12. Bc4 Nd5 13. e4 Nc7 14. e5 Qd7 15.
O-O a5 16. Bf4 g6 17. Rfe1 Bg7 18. Ng5 Nd5 19. Re4 O-O 20. Qh3 h6 21. Nxe6 Rf7
22. Bxh6 Bxh6 23. Qxh6 Qxe6 24. Rh4 Rg7 25. Re1 Qf5 26. e6 Kf8 27. Qh8+ Rg8 28.
Qh7 Qf6 29. Re5 Qg7 30. Bxd5 Qxh7 31. Rxh7 cxd5 32. Rxd5 Nc6 33. Rd7 Rd8 34.
Rf7+ Ke8 35. d5 Rxd7 36. exd7+ Kxf7 37. dxc6 b3 38. c7 b2 39. Kf1 b1=Q+ 40. Ke2
Qc2+ 41. Ke3 Qxc7 42. Ke4 Qxd7 43. h4 Qg4+ 44. Ke3 Qxh4 45. g3 Qxa4 46. f4 Qb3+
47. Kf2 Kf6 48. g4 e5 49. g5+ Kf5 50. Kg2 Qd5+ 51. Kg3 exf4+ 52. Kh4 Rh8# 0-1

[Event "DEM U10w 2017"]
[Site "Willingen GER"]
[Date "2017.06.04"]
[Round "1"]
[White "Wilmink, Anna"]
[Black "Youness, Jolie"]
[Result "1-0"]
[Termination "normal"]
[Board "17"]
[WhiteElo "1140"]
[BlackElo "768"]
[PlyCount "20"]
[WhiteFideId "16273680"]
[EventCountry "GER"]
[EventRounds "11"]
[EventType "swiss"]
[EventDate "2017.06.03"]

1. e4 e5 2. Nf3 Nc6 3. d4 exd4 4. Nxd4 Nf6 5. Nc3 Bb4 6. Nxc6 bxc6 7. Bg5 d5 8.
Bd2 dxe4 9. Qe2 Bxc3 10. Bxc3 10... O-O {es folgte 11.O-O-O De8 12.De3 Sd5 13.
Dg3 Sxc3 14.Dxc3 De6 15.Te1 Dxa2 16.Lc4 Da1+ 17.Kd2 Lf6 18.Dxf6 Da5+ 19.Dc3
Dxc3+ 20.Kxc3 Tfe8 21.h4 Te5 22.g4 Tae8 23.Thg1 e3 24.fxe3 Td8 25.Tgf1 c5 26.
Lxf7+ Kh8 27.Td1 Txe3+ 28.Kc4 Tb8 29.g5 Tb4+ 30.Kxc5 Tee4 31.Td8+ Te8 32.Txe8#}
1-0

[Event "DEM U10w 2017"]
[Site "Willingen GER"]
[Date "2017.06.04"]
[Round "1"]
[White "Truong, Bao Ngoc"]
[Black "Nguyen, Jenny Ha Linh"]
[Result "0-1"]
[Termination "normal"]
[Board "18"]
[WhiteElo "749"]
[BlackElo "1102"]
[PlyCount "68"]
[BlackFideId "16209729"]
[EventCountry "GER"]
[EventRounds "11"]
[EventType "swiss"]
[EventDate "2017.06.03"]

1. e4 e5 2. Bc4 Nf6 3. Nf3 Nc6 4. Nc3 Bc5 5. Nxe5 Nxe5 6. d4 Bxd4 7. Qxd4 Nc6
8. Qd1 O-O 9. O-O Re8 10. Bd3 d6 11. Bg5 h6 12. Bxf6 Qxf6 13. Re1 Bd7 14. a4
Qg5 15. g3 Nd4 16. Re3 c6 17. f4 Qg4 18. Qxg4 Bxg4 19. e5 dxe5 20. fxe5 f6 21.
Re4 Nf3+ 22. Kf2 Bh5 23. g4 Bg6 24. Rf4 Bxd3 25. cxd3 Nxe5 26. Re1 Nxd3+ 27.
Kf3 Nxe1+ 28. Kf2 Nd3+ 29. Kf3 Nxf4 30. Kxf4 Rad8 31. h4 g5+ 32. hxg5 hxg5+ 33.
Kf5 Kg7 34. Ne4 Re5# 0-1

[Event "DEM U10w 2017"]
[Site "Willingen GER"]
[Date "2017.06.04"]
[Round "2"]
[White "Adelmeyer, Nelly"]
[Black "Pohle, Saskia"]
[Result "0-1"]
[Termination "normal"]
[Board "1"]
[WhiteElo "1187"]
[BlackElo "1416"]
[WhiteClock "00:19:42"]
[BlackClock "00:10:45"]
[PlyCount "122"]
[WhiteFideId "16203577"]
[BlackFideId "16201604"]
[EventCountry "GER"]
[EventRounds "11"]
[EventType "swiss"]
[EventDate "2017.06.03"]

1. d4 d5 2. Nf3 Bf5 3. e3 e6 4. Bd3 Bxd3 5. Qxd3 Nf6 6. O-O Bd6 7. Nbd2 Nc6 8.
a3 Qd7 9. b3 O-O 10. Bb2 Rfe8 11. c4 dxc4 12. Qxc4 e5 13. Qb5 a6 14. Qc4 Rad8
15. e4 exd4 16. Nxd4 Nxd4 17. Bxd4 Bxh2+ 18. Kxh2 Qxd4 19. Qxd4 Rxd4 20. Nf3
Rdxe4 21. Rac1 c6 22. Rfd1 h6 23. Kg1 Nd5 24. Nd4 Nf4 25. Kf1 Rd8 26. Nf5 Rxd1+
27. Rxd1 Nd5 28. Nd6 Rf4 29. Re1 b6 30. Re8+ Kh7 31. Ra8 a5 32. Rc8 c5 33. Nc4
Rf6 34. Rd8 Nc3 35. Rb8 b5 36. Nxa5 Ra6 37. b4 cxb4 38. axb4 Rd6 39. g3 Rd4 40.
Nc6 Rc4 41. Rb6 Na2 42. Na7 Rxb4 43. Rxb5 Rxb5 44. Nxb5 Nb4 45. Nd4 Nd5 46. Nf3
Kg6 47. Ne5+ Kf6 48. Nd7+ Ke6 49. Nc5+ Kf5 50. f3 g5 51. Nd3 g4 52. fxg4+ Kxg4
53. Kf2 f6 54. Nc5 Nc3 55. Kg2 f5 56. Kf2 Ne4+ 57. Nxe4 fxe4 58. Ke3 Kxg3 59.
Kxe4 h5 60. Ke3 h4 61. Ke2 h3 0-1

[Event "DEM U10w 2017"]
[Site "Willingen GER"]
[Date "2017.06.04"]
[Round "2"]
[White "Zhou, Lepu Coco"]
[Black "Roncea, Andreea-Alexandra"]
[Result "1/2-1/2"]
[Termination "normal"]
[Board "2"]
[WhiteElo "1592"]
[BlackElo "1361"]
[WhiteClock "00:26:26"]
[BlackClock "00:26:32"]
[PlyCount "83"]
[WhiteFideId "16217136"]
[BlackFideId "16233115"]
[EventCountry "GER"]
[EventRounds "11"]
[EventType "swiss"]
[EventDate "2017.06.03"]

1. e4 e5 2. Nc3 Bc5 3. f4 d6 4. Nf3 Nf6 5. d4 exd4 6. Nxd4 Bxd4 7. Qxd4 Nc6 8.
Bb5 Bd7 9. Bxc6 Bxc6 10. O-O O-O 11. Bd2 Re8 12. Rae1 Qd7 13. h3 h5 14. e5 dxe5
15. Qxd7 Nxd7 16. fxe5 Nxe5 17. Rf5 Nc4 18. Rxe8+ Rxe8 19. Bc1 g6 20. Rf4 Re1+
21. Rf1 Rxf1+ 22. Kxf1 Kg7 23. b3 Ne5 24. Kf2 f6 25. a4 a6 26. Be3 b6 27. g3 g5
28. Bd4 g4 29. h4 Nf3 30. Be3 f5 31. Bf4 b5 32. axb5 axb5 33. Bxc7 Kf6 34. Bf4
Nd4 35. Bg5+ Ke5 36. Bf4+ Ke6 37. Ke3 Nxc2+ 38. Kd3 Nb4+ 39. Kd4 Nd5 40. Nxd5
Bxd5 41. Kc5 Bxb3 42. Kxb5 1/2-1/2

[Event "DEM U10w 2017"]
[Site "Willingen GER"]
[Date "2017.06.04"]
[Round "2"]
[White "Voigt, Anastasia"]
[Black "Peglau, Charis"]
[Result "1/2-1/2"]
[Termination "normal"]
[Board "3"]
[WhiteElo "1181"]
[BlackElo "1193"]
[WhiteClock "00:46:50"]
[BlackClock "00:52:04"]
[PlyCount "210"]
[WhiteFideId "16235223"]
[BlackFideId "16219996"]
[EventCountry "GER"]
[EventRounds "11"]
[EventType "swiss"]
[EventDate "2017.06.03"]

1. e4 c5 2. Nf3 d6 3. d4 cxd4 4. Nxd4 Nf6 5. Nc3 g6 6. Be3 Bg7 7. f3 O-O 8. Qd2
Nc6 9. O-O-O Nxd4 10. Bxd4 Be6 11. Kb1 Qc7 12. Be2 Rfc8 13. Rhf1 Qa5 14. a3
Rab8 15. Na2 Qa4 16. Nc3 Qa5 17. Nb5 Qxd2 18. Rxd2 a6 19. Nc3 b5 20. Na2 a5 21.
Bc3 Bxa2+ 22. Kxa2 b4 23. Bd4 e5 24. Ba7 Ra8 25. Be3 Bf8 26. f4 Nxe4 27. Rdd1
f5 28. Rc1 Nc5 29. Bc4+ Kh8 30. Bd5 Rab8 31. Bxc5 Rxc5 32. Bb3 Ra8 33. c3 a4
34. Bd1 bxa3 35. b4 axb3+ 36. Kxb3 a2 37. Ra1 Rb5+ 38. Kc2 Bh6 39. fxe5 dxe5
40. Be2 Rbb8 41. Bc4 Rc8 42. Bxa2 Bg7 43. Be6 Rxc3+ 44. Kxc3 e4+ 45. Kd2 Rxa1
46. Rxa1 Bxa1 47. Ke3 Kg7 48. Bb3 Kf6 49. h3 Ke5 50. Bg8 f4+ 51. Ke2 h6 52. Kf2
Kd4 53. Ke2 g5 54. Be6 h5 55. Bd7 e3 56. Bc8 Ke4 57. Bd7 Bd4 58. Bc8 f3+ 59.
gxf3+ Kf4 60. Bd7 Kg3 61. Bc8 h4 62. Bd7 g4 63. Bxg4 Kf4 64. Bc8 Ke5 65. Bd7
Kd6 66. Bc8 Kc7 67. Be6 Kd6 68. Bc8 Kc7 69. Be6 Kd8 70. f4 Ke7 71. f5 Kf6 72.
Bc8 Kg5 73. Bd7 Kf4 74. Bc8 Kg3 75. f6 Kf4 76. f7 Bc5 77. Bd7 Ke4 78. Bc8 Bf8
79. Bd7 Bg7 80. Bc8 Kf4 81. Bd7 Bf8 82. Bc8 Ba3 83. Bd7 Bb4 84. Bc8 Bc5 85. Bd7
Be7 86. Bc8 Bd6 87. Bd7 Ke4 88. Bc8 Bf8 89. Bd7 Kf4 90. Bc8 Ke4 91. Bd7 Kd4 92.
Bc8 Ke4 93. Bd7 Kf4 94. Bc8 Bh6 95. Bd7 Ke4 96. Bc8 Kd4 97. Bd7 Ke5 98. f8=Q
Bxf8 99. Kxe3 Bh6+ 100. Kf3 Kd6 101. Kg4 Kxd7 102. Kxh4 Ke6 103. Kh5 Bf8 104.
Kg6 Be7 105. h4 Bxh4 1/2-1/2

[Event "DEM U10w 2017"]
[Site "Willingen GER"]
[Date "2017.06.04"]
[Round "2"]
[White "Peglau, Dora"]
[Black "Trunz, Michelle"]
[Result "1-0"]
[Termination "normal"]
[Board "4"]
[WhiteElo "1159"]
[BlackElo "1340"]
[WhiteClock "01:04:32"]
[BlackClock "01:01:37"]
[PlyCount "95"]
[WhiteFideId "16220005"]
[BlackFideId "16227980"]
[EventCountry "GER"]
[EventRounds "11"]
[EventType "swiss"]
[EventDate "2017.06.03"]

1. e4 c5 2. Nf3 d6 3. d4 cxd4 4. Nxd4 Nf6 5. Nc3 a6 6. Be3 e5 7. Nb3 Be6 8. Qd2
Be7 9. Be2 O-O 10. O-O Qc7 11. Rad1 Nbd7 12. f4 b5 13. f5 Bxb3 14. axb3 Nb6 15.
Rf3 b4 16. Nd5 Nbxd5 17. exd5 Rfc8 18. Rc1 Qa5 19. c3 bxc3 20. Rxc3 Rxc3 21.
bxc3 Nxd5 22. c4 Qxd2 23. Bxd2 Nf6 24. Bd3 e4 25. Re3 d5 26. cxd5 Bc5 27. Bc4
Bxe3+ 28. Bxe3 Rd8 29. Bg5 Rd6 30. Bf4 Rd7 31. d6 Kf8 32. Bxa6 Ra7 33. Bc4 Ke8
34. b4 Nd7 35. b5 f6 36. Be3 Rb7 37. Kf2 Kd8 38. Bd4 Rb8 39. Ke3 Kc8 40. Kxe4
h6 41. Kd5 Nb6+ 42. Kc5 Nxc4 43. Kxc4 Kd7 44. Kc5 h5 45. b6 Rc8+ 46. Kd5 Rc6
47. Bc5 h4 48. b7 1-0